Statistics for Inner Hebrides Map

Click here to take the quiz!

General Stats

  • This quiz has been taken 72 times
  • The average score is 30 of 75

Answer Stats

Islands % Correct
Islay
100%
Skye
100%
Mull
100%
Rùm
95%
Coll
90%
Raasay
86%
Eigg
86%
Tiree
86%
Jura
81%
Colonsay
76%
Little {Colonsay}
76%
Muck
71%
Iona
71%
Lismore
67%
Canna
62%
Rona
57%
Ulva
57%
Eilean {Mòr}
52%
Gigha
52%
Tanera {Mòr}
52%
Luing
48%
Oronsay
43%
Gometra
43%
{Oronsay}, Loch Sunart
43%
Scalpay
43%
Scarba
43%
Seil
43%
Tanera {Beag}
43%
Soay
38%
Kerrera
38%
Handa
33%
{Lunga}, Treshnish Isles
33%
Eilean {Tioram}
33%
{Garbh} Eileach
33%
Pabay
33%
{Lunga}, Slate Islands
33%
Sanday
33%
Easdale
33%
Gunna
29%
Gruinard
29%
{Shuna}, Slate Islands
29%
Shuna
29%
Eilean {Donan}
29%
Cara
29%
Shona
24%
Wiay
24%
Isay
24%
Eilean {Shona}
24%
{Calve} Island
24%
{Horse} Island
24%
Isle of {Ewe}
24%
Eilean {Bàn}
24%
Eriska
24%
Eilean {Mhic} {Chrion}
19%
Càrna
19%
Danna
19%
Eileach an {Naoimh}
19%
Eilean dà {Mhèinn}
19%
Eilean {Dubh} {Mòr}
19%
Eilean {Fladday}
19%
Eilean {Macaskin}
19%
Eilean {Meadhonach}
19%
Longay
19%
Eilean {Rìgh}
19%
Isle {Martin}
19%
Eilean {Tigh}
19%
Eorsa
19%
Isle {Ristol}
19%
Erraid
19%
{Priest} Island
19%
Inch {Kenneth}
19%
{Oldany} Island
19%
{Longa} Island
19%
{Calbha} Mor
19%
Torsa
14%

Score Distribution

Percentile by Number Answered

Percent of People with Each Score

Your Score History

You have not taken this quiz